Panduan bercinta & berdating

Bibliographic Details
Main Author: Ahmad Yusof Ibrahim
Format: Book
Published: Pahang : PTS Millennia , 2006
Series:Siri bina diri
Subjects:

MARC

LEADER 00000cam a2200000 7i4500
001 0000011889
005 20160330.0
008 071120
020 |a 9833603130 
090 0 0 |a 306.7   |b AHM 
100 0 |a Ahmad Yusof Ibrahim 
245 1 0 |a Panduan bercinta & berdating   |c Ahmad Yusof Ibrahim 
260 |a Pahang :   |b PTS Millennia ,   |c 2006 
440 |a Siri bina diri 
500 |a Teenager ages 13-18 years old (blue) 
650 0 |a Dating (Social customs) 
650 0 |a Love 
650 0 |a Malay fiction 
650 0 |a Man-women relationships 
999 |a 0001004090   |b Book   |c Teenagers   |e Perbadanan Perpustakaan Awam Johor 
999 |a 0001004091   |b Book   |c Teenagers   |e Perbadanan Perpustakaan Awam Johor 
999 |a 0001004092   |b Book   |c Teenagers   |e Perbadanan Perpustakaan Awam Johor 
999 |a 0001004093   |b Book   |c Teenagers   |e Perbadanan Perpustakaan Awam Johor 
999 |a 0001004094   |b Book   |c Teenagers   |e Perbadanan Perpustakaan Awam Johor